Fr. Conceicao Rodrigues College of Engineering

Principles of digital communication and coding (Record no. 29625)

MARC details
000 -LEADER
fixed length control field 00326nam a2200133Ia 4500
082 ## - DEWEY DECIMAL CLASSIFICATION NUMBER
Classification number 621.38
Item number VIT/OMU
100 ## - MAIN ENTRY--PERSONAL NAME
Personal name Viterbi/A.Jand omura/J.K
245 ## - TITLE STATEMENT
Title Principles of digital communication and coding
260 ## - PUBLICATION, DISTRIBUTION, ETC.
Name of publisher, distributor, etc. McGraw Hill
Place of publication, distribution, etc. Tokyo
Date of publication, distribution, etc. 1979
300 ## - PHYSICAL DESCRIPTION
Extent 560
546 ## - LANGUAGE NOTE
Language note ENGLISH
654 ## - SUBJECT ADDED ENTRY--FACETED TOPICAL TERMS
Focus term Communication
942 ## - ADDED ENTRY ELEMENTS (KOHA)
Koha item type BOOK
Holdings
Withdrawn status Lost status Damaged status Not for loan Collection Home library Current library Date acquired Source of acquisition Cost, normal purchase price Inventory number Total Checkouts Full call number Barcode Date last seen Cost, replacement price Price effective from Koha item type
        CRC Fr. Agnel's C.Rodrigues College of Engineering Fr. Agnel's C.Rodrigues College of Engineering 17/03/2023 Book World 192.15 057 dt 03.07.90   621.38 VIT/OMU 2865 17/03/2023 192.15 03/07/1990 BOOK